[Event "GER-chT U10"]
[Site "Magdeburg"]
[Date "2014.12.29"]
[Round "7.3"]
[White "Raichle, Simon"]
[Black "Bornholdt, Joa Max"]
[Result "0-1"]
[WhiteElo "1028"]
[BlackElo "600"]
[PlyCount "44"]
[EventDate "2014.12.27"]
[EventType "team-swiss"]
[EventRounds "7"]
[EventCountry "GER"]
[SourceTitle "EXT 2016"]
[Source "ChessBase"]
[SourceDate "2015.10.08"]
[SourceVersion "1"]
[SourceVersionDate "2015.10.08"]
[SourceQuality "1"]
[WhiteTeam "Rommelshausen"]
[BlackTeam "Luebeck II"]
[WhiteTeamCountry "GER"]
[BlackTeamCountry "GER"]

1. e4 e5 2. Nf3 Nc6 3. Bc4 Bc5 4. d3 d6 5. Bg5 Nf6 6. 0-0 Bg4 7. Nc3 Qd7 8. Qd2 0-0-0 9. a3 Bxf3 10. gxf3 h6 11. Be3 Rhg8 12. Kh1 g5 13. Rg1 Rg7 14. Bxc5 dxc5 15. Rad1 Rg6 16. Bb5 a6 17. Ba4 g4 18. fxg4 Nxg4 19. Nd5 Rdg8 20. b4 cxb4 21. axb4 h5 22. Qc3 Nxf2# 0-1

[Event "GER-chT U10"]
[Site "Magdeburg"]
[Date "2014.12.29"]
[Round "6.3"]
[White "Raichle, Simon"]
[Black "Stowicek, Yara Mathilda"]
[Result "0-1"]
[WhiteElo "1028"]
[BlackElo "845"]
[PlyCount "86"]
[EventDate "2014.12.27"]
[EventType "team-swiss"]
[EventRounds "7"]
[EventCountry "GER"]
[SourceTitle "EXT 2016"]
[Source "ChessBase"]
[SourceDate "2015.10.08"]
[SourceVersion "1"]
[SourceVersionDate "2015.10.08"]
[SourceQuality "1"]
[WhiteTeam "Rommelshausen"]
[BlackTeam "Halle Volksbank"]
[WhiteTeamCountry "GER"]
[BlackTeamCountry "GER"]

1. e4 e5 2. Nf3 Nc6 3. Bc4 Nf6 4. Ng5 d5 5. exd5 Na5 6. d3 h6 7. Nf3 Bc5 8. Nc3 c6 9. 0-0 Nxc4 10. dxc4 cxd5 11. cxd5 b6 12. Nxe5 0-0 13. Bf4 Ba6 14. Re1 Qc8 15. Nc6 Qg4 16. Qd2 Bb7 17. Ne5 Qf5 18. a3 Rad8 19. b4 Bd6 20. Rab1 Bxe5 21. Bxe5 Ng4 22. Bd4 Bxd5 23. Nxd5 Qxd5 24. Rbd1 Qd6 25. g3 Rd7 26. Qe2 Qg6 27. Bc3 Qh5 28. h4 Rxd1 29. Qxd1 Rc8 30. Qd4 Qg6 31. Re4 Nf6 32. Re2 Qh5 33. Qd3 Qg6 34. Qd2 Ne4 35. Qd4 Nxc3 36. Re7 Qh5 37. Rxa7 Ne2+ 38. Kg2 Nxd4 39. a4 Qf3+ 40. Kh3 Qh1+ 41. Kg4 Rc4 42. Rd7 Nxc2+ 43. Kf5 Qe4# 0-1

[Event "GER-chT U10"]
[Site "Magdeburg"]
[Date "2013.12.28"]
[Round "1.4"]
[White "Raichle, Simon"]
[Black "Mueller, Nikica"]
[Result "0-1"]
[WhiteElo "731"]
[BlackElo "871"]
[PlyCount "68"]
[EventDate "2013.12.27"]
[EventType "team-swiss"]
[EventRounds "5"]
[EventCountry "GER"]
[SourceTitle "EXT 2015"]
[Source "ChessBase"]
[SourceDate "2014.11.20"]
[SourceVersion "1"]
[SourceVersionDate "2014.11.20"]
[SourceQuality "1"]
[WhiteTeam "Rommelshausen"]
[BlackTeam "Bremen West"]
[WhiteTeamCountry "GER"]
[BlackTeamCountry "GER"]

1. e4 e5 2. Nf3 Nc6 3. Bc4 Nf6 4. Nc3 Bb4 5. 0-0 0-0 6. d3 d6 7. Bg5 Bxc3 8. bxc3 h6 9. Bh4 Bd7 10. Rb1 Rb8 11. Bb5 Na5 12. c4 Bxb5 13. Rxb5 c6 14. Rb1 c5 15. Rb5 Nc6 16. Nd2 Nd4 17. Rb2 b5 18. Qe1 bxc4 19. dxc4 Rxb2 20. Qc1 Ne2+ 21. Kh1 Nxc1 22. Rxc1 Rxa2 23. Nf1 Qa5 24. f3 Ra1 25. Rxa1 Qxa1 26. Kg1 Qd4+ 27. Bf2 Qxc4 28. Ne3 Qb4 29. Nd1 Qb1 30. Be1 Qxd1 31. Kf1 Qxc2 32. h3 Rb8 33. Kg1 Rb2 34. Kh2 Qxg2# 0-1